000
00296nam a2200121Ia 4500
008
220204s9999 xx 000 0 und d
082
_a
621.791
_b
DAV
100
_a
Davies, A C
245
0
_a
Science and practice of welding
250
_a
Ed.6
260
_a
Cambrdige University
_c
1975
942
_c
BK
999
_c
27656
_d
27656